000
00317nam a2200109Ia 4500
008
171204s9999 xx 000 0 und d
245
_a
Software Evolution and Maintenance:
245
_c
Priyadarshi Tripathy
260
_c
2014
650
_x
Software Engineering
856
_u
http://down.ebook777.com/050/0470603410.pdf
999
_c
345974
_d
345974